000 00634nam a2200229Ia 4500
003 OSt
005 20220926013314.0
006 a|||||r|||| 00| 0
007 ta
008 220923b |||||||| |||| 00| 0 eng d
037 _cGeneral Book
040 _aRTL
_cRTL
_beng
041 _2eng
_aeng
082 _aY:3(Q5), L6
100 _aSharot Stephen
_9318074
245 0 _aJudaism
_b A sociology
260 _aNew York
_bHolmes & Meier
_c1976
300 _a224p
_ccm.
500 _aBibliography: P 190-215; Appendix: P 216-21
942 _hY:3(Q5), L6
_cGB
_2CC
999 _c625647
_d625647